| 000 | 00464cam a2200193ua 4500 | ||
|---|---|---|---|
| 020 | _cRs 1.50 | ||
| 041 |
_ahin _h |
||
| 082 |
_a891.54 _bPRE/HI |
||
| 100 | _aPremchand, . | ||
| 245 | 0 | 0 |
_aHindi ki adarsh kahaniyam / _cPremchand. _hTextual Documents |
| 250 |
_a1 / _b. |
||
| 260 |
_aVaranasi : _bSaraswati Mandir , _c1962. |
||
| 300 | _a150 ; . | ||
| 365 | _aRs 1.50 | ||
| 504 | _a | ||
| 942 | _cBK | ||
| 999 |
_c3579 _d3579 |
||